000 01273cam a2200229 4500
001 ##L135776
008 061211n2006 000 0 eng u
035 _a(Sirsi) u135776
041 0 _aeng
050 0 4 _a333.33 $2 18
110 1 _aUnited Kingdom
_bDepartment for Communities and Local Government
_94939
245 0 0 _aDCLG statistical release
_bhouse price index October 2006
260 _aLondon
_bDCLG
_c2006
490 0 _aDCLG Statistical Release: House Price Index
_v(2006/0165) 11 December 2006
520 _aThe mix-adjusted average house price in the UK in October 2006 stood at £197 987, down from £198 552 in September 2006 (not seasonally adjusted). UK annual house price inflation was 8.6% in October 2006, up from 8% in September. Annual house price inflation in London was 10.6% in October 2006, up from 9% in September. The UK annual house price inflation rate for the three months to October 2006 was 8% and 9.1% in London.
590 _aKA
650 2 4 _aDCLG HOUSE PRICE INDEX
651 4 _aUNITED KINGOMD
690 _aPROPERTY-RESIDENTIAL PROPERTY-RESIDENTIAL PROPERTY MARKET
856 4 0 _uhttps://www.communities.gov.uk/index.asp?id=1002882&PressNoticeID=2311
_zView the DCLG index free of charge at www.communities.gov.uk...
942 _n0
999 _c106206
_d106206